[Event "GBR-ch U120 op 105th"]
[Site "Hull"]
[Date "2018.07.31"]
[Round "2"]
[White "Smith, Mark J"]
[Black "Archer, David J"]
[Result "0-1"]
[WhiteElo "1417"]
[BlackElo "104"]
[PlyCount "72"]
[EventDate "2018.07.30"]
[EventType "swiss"]
[EventRounds "5"]
[EventCountry "ENG"]
[SourceTitle "EXT 2021"]
[Source "ChessBase"]
[SourceDate "2020.10.23"]
[SourceVersion "1"]
[SourceVersionDate "2020.10.23"]
[SourceQuality "1"]

1. e4 e6 2. d4 b6 3. Nc3 Bb7 4. Nf3 d6 5. Be2 Nd7 6. 0-0 Ngf6 7. Bg5 Be7 8. e5 Nd5 9. Bxe7 Nxe7 10. Nb5 d5 11. Qd3 a6 12. Nc3 c5 13. Rfd1 c4 14. Qd2 b5 15. a3 Nf5 16. Bf1 0-0 17. g3 Bc6 18. Bh3 Ne7 19. Qe2 Ng6 20. Bg4 Qe7 21. h4 h6 22. Qe3 Rae8 23. b3 f5 24. exf6 Nxf6 25. Bh3 e5 26. Nxe5 Nxe5 27. Qxe5 Qxe5 28. dxe5 Rxe5 29. bxc4 bxc4 30. Rab1 Ne4 31. Nxd5 Bxd5 32. Rxd5 Nc3 33. Rxe5 Nxb1 34. Be6+ Kh8 35. Bxc4 Nd2 36. Bxa6 Nf3+ 0-1

[Event "BCF-ch Yates op"]
[Site "Coventry"]
[Date "2015.08.01"]
[Round "2"]
[White "Langmaid, Kevin"]
[Black "Smith, Mark J"]
[Result "1/2-1/2"]
[WhiteElo "108"]
[BlackElo "1440"]
[PlyCount "53"]
[EventDate "2015.07.31"]
[EventType "swiss"]
[EventRounds "5"]
[EventCountry "ENG"]
[SourceTitle "CBM 167 Extra"]
[Source "ChessBase"]
[SourceDate "2015.09.14"]
[SourceVersion "1"]
[SourceVersionDate "2015.09.14"]
[SourceQuality "1"]

1. e4 e5 2. Nf3 Nc6 3. Bc4 Bc5 4. c3 Nf6 5. d3 d6 6. b4 Bb6 7. a4 a6 8. 0-0 0-0 9. Bb3 Bg4 10. Nbd2 h6 11. h3 Bh5 12. Qc2 d5 13. exd5 Nxd5 14. Bb2 Nf4 15. Kh2 Nxd3 16. Nd4 Bg6 17. Nxc6 bxc6 18. f3 Kh8 19. Ba3 Re8 20. Qa2 Qf6 21. Ne4 Qf4+ 22. g3 Qe3 23. Bc1 Nxc1 24. Raxc1 f5 25. Rce1 Qd3 26. Rd1 Qe3 27. Rde1 1/2-1/2

[Event "SCO-ch 122nd"]
[Site "Edinburgh"]
[Date "2015.07.17"]
[Round "7"]
[White "Smith, Callum"]
[Black "Smith, Mark J"]
[Result "1-0"]
[WhiteElo "1543"]
[BlackElo "1440"]
[PlyCount "93"]
[EventDate "2015.07.11"]
[EventType "swiss"]
[EventRounds "9"]
[EventCountry "SCO"]
[SourceTitle "CBM 167 Extra"]
[Source "ChessBase"]
[SourceDate "2015.09.14"]
[SourceVersion "1"]
[SourceVersionDate "2015.09.14"]
[SourceQuality "1"]

1. e4 e5 2. Nf3 Nc6 3. d4 exd4 4. Nxd4 Bc5 5. Be3 Nxd4 6. Bxd4 Bxd4 7. Qxd4 Nf6 8. Be2 d6 9. 0-0 0-0 10. Re1 Re8 11. Nc3 Bd7 12. Bd3 Bc6 13. Nd5 Re5 14. Nc3 Rg5 15. f3 Nh5 16. Ne2 Bd7 17. Kf2 Qf6 18. Qxf6 Nxf6 19. Nf4 Re5 20. h4 Rae8 21. g4 h6 22. Re2 Bc6 23. Rae1 d5 24. exd5 Rxe2+ 25. Rxe2 Rxe2+ 26. Kxe2 Nxd5 27. Nxd5 Bxd5 28. c4 Be6 29. a4 c5 30. g5 hxg5 31. hxg5 a5 32. Ke3 f6 33. gxf6 gxf6 34. b3 Kf7 35. Be4 b6 36. Bd5 Ke7 37. f4 Bf5 38. Be4 Ke6 39. Bxf5+ Kxf5 40. Kf3 Ke6 41. Kg4 Kf7 42. Kf5 Ke7 43. Ke4 Ke6 44. f5+ Kd6 45. Kf4 Ke7 46. Kg4 Kd6 47. Kh5 1-0